raiponce musique - Statistiques

Statistiques générales
  • Ce quiz a été pris 235 fois
  • Le résultat moyen est 4 sur 8
Statistiques - réponses
Hint Réponse % Correct
4 j'ai un rêve
82%
2 n'écoute que moi
74%
5 n'écoute que moi
74%
6 je veux y croire
72%
8 je voudrais
44%
1 ou est la vrai vie
42%
3 ou est la vrai vie
42%
7 l'incantation à la guérison
1%
Aucun quiz correspondant
Distribution des résultats
% des personnes avec chaque résultat
Percentile par nombre de réponses
Votre historique - résultats
Vous n’avez pas pris ce quiz